[Event "Mid Bohemia Region-chT 2223"]
[Site "Czech Republic"]
[Date "2023.01.15"]
[Round "6.5"]
[White "Sulc, Jakub"]
[Black "Pistik, Petr"]
[Result "0-1"]
[WhiteElo "1965"]
[BlackElo "2004"]
[PlyCount "100"]
[EventDate "2022.10.09"]
[EventType "team-tourn"]
[EventRounds "11"]
[EventCountry "CZE"]
[SourceTitle "EXT 2024"]
[Source "ChessBase"]
[SourceDate "2023.10.10"]
[SourceVersion "1"]
[SourceVersionDate "2023.10.10"]
[SourceQuality "1"]
[WhiteTeam "Mlada Boleslav Skoda"]
[BlackTeam "Nymburk Sokol"]
[WhiteTeamCountry "CZE"]
[BlackTeamCountry "CZE"]

1. c4 e5 2. Nc3 Nf6 3. e4 Bc5 4. g3 Nc6 5. Bg2 d6 6. h3 0-0 7. Nge2 Nd4 8. 0-0 a6 9. d3 c6 10. Kh2 b5 11. b3 b4 12. Na4 Nxe2 13. Qxe2 Bd4 14. Bb2 Bxb2 15. Qxb2 c5 16. f4 Nd7 17. a3 a5 18. axb4 axb4 19. Ra2 Qc7 20. Rfa1 Bb7 21. Qf2 f6 22. Bf3 Nb8 23. Bg4 Re8 24. fxe5 fxe5 25. Nc3 Rxa2 26. Nxa2 Nc6 27. Rf1 Qe7 28. Nc1 Nd4 29. h4 Bc6 30. Kg2 Rf8 31. Qe1 Rf6 32. Rxf6 gxf6 33. Kh3 Qg7 34. Qd2 Be8 35. Qa2 h5 36. Bc8 Bd7+ 37. Bxd7 Qxd7+ 38. Kg2 Qg4 39. Qf2 Kg7 40. Qd2 Nf3 41. Qe3 Nxh4+ 42. Kf2 Ng6 43. Ne2 h4 44. gxh4 Qxh4+ 45. Ng3 Nf4 46. Qf3 Qh2+ 47. Ke1 Kf8 48. Nf5 Qc2 49. Nxd6 Qxb3 50. Qg4 Qc3+ 0-1

[Event "Mlada Boleslav Region-ch U16"]
[Site "Mlada Boleslav"]
[Date "2017.06.24"]
[Round "1"]
[White "Sulc, Jakub"]
[Black "Hrdlicka, Jan1111"]
[Result "1-0"]
[WhiteElo "1544"]
[BlackElo "1303"]
[PlyCount "61"]
[EventDate "2017.06.24"]
[EventType "swiss"]
[EventRounds "7"]
[EventCountry "CZE"]
[SourceTitle "CBM 179 Extra"]
[Source "ChessBase"]
[SourceDate "2017.08.23"]
[SourceVersion "1"]
[SourceVersionDate "2017.08.23"]
[SourceQuality "1"]

1. e4 e5 2. d3 Bc5 3. f4 exf4 4. Nf3 d5 5. exd5 Qxd5 6. Bxf4 c6 7. c3 Bg4 8. Nbd2 Nf6 9. d4 Be7 10. Bc4 Qd8 11. Bxf7+ Kxf7 12. Ne5+ Ke8 13. Nxg4 Qd5 14. Nxf6+ gxf6 15. Qf3 Qf7 16. Rf1 Rg8 17. Qe2 Rg7 18. g3 Nd7 19. Ne4 Kf8 20. Bh6 Re8 21. Bxg7+ Qxg7 22. 0-0-0 c5 23. dxc5 Bxc5 24. Qf3 Qh6+ 25. Kb1 Qg6 26. Rxd7 Qxe4+ 27. Qxe4 Rxe4 28. Rxf6+ Kg8 29. Rh6 Re1+ 30. Kc2 Re2+ 31. Kb3 1-0

[Event "Mlada Boleslav Region-ch"]
[Site "Mlada Boleslav"]
[Date "2015.06.20"]
[Round "4"]
[White "Sulc, Jakub"]
[Black "Harcuba, Adam"]
[Result "1-0"]
[WhiteElo "1521"]
[BlackElo "1519"]
[PlyCount "97"]
[EventDate "2015.06.20"]
[EventType "swiss"]
[EventRounds "7"]
[EventCountry "CZE"]
[SourceTitle "EXT 2017"]
[Source "ChessBase"]
[SourceDate "2016.10.25"]
[SourceVersion "1"]
[SourceVersionDate "2016.10.25"]
[SourceQuality "1"]

1. e4 e5 2. Nf3 Nc6 3. Nc3 Bc5 4. d3 d6 5. Be2 h6 6. 0-0 Nf6 7. Be3 Bb6 8. h3 Be6 9. Nh2 Qd7 10. Bxb6 axb6 11. a3 Nd4 12. f4 exf4 13. Rxf4 c6 14. Rc1 Nxe2+ 15. Qxe2 Ra5 16. Qf2 Rg5 17. Kh1 Nh5 18. Rf3 Qc7 19. Ne2 d5 20. Nf4 Nxf4 21. Rxf4 dxe4 22. Rxe4 0-0 23. Rf1 Bd5 24. Rg4 Rxg4 25. Nxg4 b5 26. Ne3 Be6 27. Nf5 Qe5 28. Nd4 Re8 29. Nxe6 Qxe6 30. c3 f6 31. d4 Qe2 32. Kg1 Qc4 33. Re1 Qf7 34. Re3 Kf8 35. Qe2 Rxe3 36. Qxe3 Qb3 37. Qe2 Qa2 38. Kf2 Qd5 39. g4 c5 40. Qxb5 Qe4 41. Qxc5+ Kg8 42. Qc4+ Kh8 43. Qe2 Qf4+ 44. Kg2 f5 45. Qf3 Qd2+ 46. Qf2 Qd3 47. Qxf5 Qe2+ 48. Qf2 Qe4+ 49. Kg3 1-0

[Event "Mlada Boleslav Region-ch U20"]
[Site "Mlada Boleslav"]
[Date "2013.06.22"]
[Round "3"]
[White "Zak, Daniel"]
[Black "Sulc, Jakub"]
[Result "1/2-1/2"]
[WhiteElo "1340"]
[BlackElo "1250"]
[PlyCount "93"]
[EventDate "2013.06.22"]
[EventType "swiss"]
[EventRounds "7"]
[EventCountry "CZE"]
[SourceTitle "EXT 2015"]
[Source "ChessBase"]
[SourceDate "2014.11.20"]
[SourceVersion "1"]
[SourceVersionDate "2014.11.20"]
[SourceQuality "1"]

1. e4 e5 2. Nf3 Nf6 3. Nc3 Nc6 4. d4 exd4 5. Nxd4 Nxd4 6. Qxd4 h6 7. Bc4 b6 8. 0-0 Bb7 9. Re1 Bc5 10. Qe5+ Be7 11. Qg3 Nh5 12. Qh3 Nf6 13. Qf5 0-0 14. e5 Nh7 15. Qg4 Bg5 16. Bd3 Bxc1 17. Bxh7+ Kxh7 18. Raxc1 Re8 19. Qf4 Qe7 20. h3 Rf8 21. Rcd1 Qe6 22. a3 Qg6 23. Qg3 Qxg3 24. fxg3 Rad8 25. Nb5 a6 26. Nxc7 g5 27. g4 Kg7 28. Nd5 Bxd5 29. Rxd5 Rfe8 30. Rd6 Re6 31. Rxe6 fxe6 32. Rd1 Kf7 33. Rd6 b5 34. Rxa6 Rc8 35. c3 Rc5 36. Rd6 Ke7 37. Kf2 Rxe5 38. Rd3 d5 39. Re3 Rxe3 40. Kxe3 Kd6 41. b3 Kc5 42. Kd3 e5 43. b4+ Kc6 44. Ke3 Kb6 45. g3 Kc6 46. h4 Kd6 47. h5 1/2-1/2